| 000 | 00332nam a2200145 a 4500 | ||
|---|---|---|---|
| 001 | 5155 | ||
| 003 | CDMR | ||
| 005 | 20130116135305.0 | ||
| 008 | 130130s2003||||||||||||||||||||||||||||d | ||
| 040 |
_aCDMR _bcat _cCPC GIRONA |
||
| 245 | 0 |
_aLlegat amb tendresa _cVaris |
|
| 260 |
_c2003 _bEl Centre |
||
| 490 | 0 |
_aEl Centre _961 |
|
| 942 | _cMON | ||
| 999 |
_c5155 _d5155 |
||